000 004550000a22001810004500
003 MACL
005 20151015162639.0
008 151015b xxu||||| |||| 00| 0 eng d
040 _aMACL
_cMACL
041 _aEnglish
082 _a920/KUM
100 _aKumar, Girja
_93247
245 _aS R Rangannathan
_bAn Intellectual Biography
260 _bHarA̜nad Publication
_c1992
_aDelhi
350 _a295
650 _aBiography
_915096
942 _cBK
_k920
_2ddc
999 _c3998
_d3998